Qui a chanté cette chanson ? #8 - Statistiques

Statistiques générales
  • Ce quiz a été pris 211 fois
  • Le résultat moyen est 10 sur 15
Statistiques - réponses
Chansons Chanteurs % Correct
Paroles, Paroles Dalida / Alain Delon
90%
Le Chanteur Daniel Balavoine
86%
Le Sud Nino Ferrer
84%
La Maladie D'amour Michel Sardou
81%
L'été Indien Joe Dassin
75%
Pas De Boogie Woogie Eddy Mitchell
71%
Pour Un Flirt Michel Delpech
70%
Chanson Populaire Claude François
67%
Du Côté De Chez Swann Dave
62%
Une Belle Histoire Michel Fugain
55%
Gabrielle Johnny Hallyday
54%
Les Rois Mages Sheila
51%
Mon Vieux Daniel Guichard
50%
Je Suis Venu Te Dire Que Je M'en Vais Serge Gainsbourg
49%
Les Moulins De Mon Coeur Michel Legrand
20%
Aucun quiz correspondant
Distribution des résultats
% des personnes avec chaque résultat
Percentile par nombre de réponses
Votre historique - résultats
Vous n’avez pas pris ce quiz